000 00337nam a2200145Ia 4500
005 20250410072816.0
008 240331s9999 xx 000 0 und d
082 _a200
_bTIR
100 _aTirulogaseetharaam,
245 0 _aSitthartthan
260 _aChennai
_bThamilini
_c1998
300 _a131 p .,
650 _aShort Stories
942 _cL
999 _c843
_d843